| 000 | 02284nam a2200457 a 4500 | ||
|---|---|---|---|
| 001 | ebr10495596 | ||
| 003 | CaPaEBR | ||
| 006 | m u | ||
| 007 | cr cn||||||||| | ||
| 008 | 090508s2010 vaub sb 001 0 eng d | ||
| 010 | _z 2009019407 | ||
| 020 | _z9780813928456 (cloth : alk. paper) | ||
| 020 | _z0813928451 (cloth : alk. paper) | ||
| 020 | _z0813928516 (e-book) | ||
| 020 | _z9780813928517 (e-book) | ||
| 040 |
_aCaPaEBR _cCaPaEBR |
||
| 035 | _a(OCoLC)755633557 | ||
| 043 |
_an-us-va _an-us--- |
||
| 050 | 1 | 4 |
_aF232.N86 _bT55 2010eb |
| 082 | 0 | 4 |
_a975.5/2 _222 |
| 100 | 1 |
_aTillson, Albert H., _d1948- |
|
| 245 | 1 | 0 |
_aAccommodating revolutions _h[electronic resource] : _bVirginia's Northern Neck in an era of transformations, 1760-1810 / _cAlbert H. Tillson, Jr. |
| 260 |
_aCharlottesville : _bUniversity of Virginia Press, _c2010. |
||
| 300 |
_aviii, 423 p. : _bmap. |
||
| 504 | _aIncludes bibliographical references and index. | ||
| 505 | 0 | _aA troubled gentry -- Beyond the plantations -- The world(s) Northern Neck slavery made -- The Scottish merchants -- Controlling the Revolution -- The evangelical challenge -- The preservation of hegemony. | |
| 533 |
_aElectronic reproduction. _bPalo Alto, Calif. : _cebrary, _d2011. _nAvailable via World Wide Web. _nAccess may be limited to ebrary affiliated libraries. |
||
| 650 | 0 |
_aGentry _zVirginia _zNorthern Neck _xHistory _y18th century. |
|
| 650 | 0 |
_aAfrican Americans _zVirginia _zNorthern Neck _xHistory _y18th century. |
|
| 650 | 0 |
_aMerchants _zVirginia _zNorthern Neck _xHistory _y18th century. |
|
| 650 | 0 |
_aSlavery _zVirginia _zNorthern Neck _xHistory _y18th century. |
|
| 650 | 0 |
_aSocial classes _zVirginia _zNorthern Neck _xHistory _y18th century. |
|
| 651 | 0 |
_aNorthern Neck (Va.) _xHistory _y18th century. |
|
| 651 | 0 |
_aNorthern Neck (Va.) _xSocial conditions _y18th century. |
|
| 651 | 0 |
_aNorthern Neck (Va.) _xEconomic conditions _y18th century. |
|
| 651 | 0 |
_aVirginia _xHistory _yRevolution, 1775-1783 _xSocial aspects. |
|
| 651 | 0 |
_aUnited States _xHistory _yRevolution, 1775-1783 _xSocial aspects. |
|
| 655 | 7 |
_aElectronic books. _2local |
|
| 710 | 2 | _aebrary, Inc. | |
| 856 | 4 | 0 |
_uhttp://site.ebrary.com/lib/rucke/Doc?id=10495596 _zAn electronic book accessible through the World Wide Web; click to view |
| 999 |
_c130673 _d130673 |
||